La España musulmana (Record no. 26622)

MARC details
000 -LEADER
campo de control de longitud fija 00438nam a2200145 i 4500
001 - NÚMERO DE CONTROL
campo de control 26622
003 - IDENTIFICADOR DE NÚMERO DE CONTROL
campo de control ES-MaACL
007 - CAMPO FIJO DE DESCRIPCIÓN FÍSICA--INFORMACIÓN GENERAL
campo de control de longitud fija t|
008 - DATOS DE LONGITUD FIJA--INFORMACIÓN GENERAL
campo de control de longitud fija 030109s1941 sp ||||1| spa d
100 1# - ENTRADA PRINCIPAL--NOMBRE DE PERSONA
Nombre de persona Arranz Velarde, F.
9 (RLIN) 23227
245 13 - MENCIÓN DEL TÍTULO
Título La España musulmana
Resto del título : (La historia y la tradición) /
Mención de responsabilidad, etc. F. Arranz Velarde.
260 ## - PUBLICACIÓN, DISTRIBUCIÓN, ETC.
Lugar de publicación, distribución, etc. Madrid :
Nombre del editor, distribuidor, etc. [s.n.,
Fecha de publicación, distribución, etc. 1941] (
Fabricante Marsiega)
300 ## - DESCRIPCIÓN FÍSICA
Extensión 244 p. :
Otras características físicas il. ;
Dimensiones 21 cm.
852 ## - LOCALIZACIÓN
Ubicación ES-MaACL
Número de control de estantería B-9547
Sublocalización o colección R.19319
Holdings
Estatus retirado Estado de pérdida Estado de daño No para préstamo Biblioteca de origen Biblioteca actual Ubicación en estantería Fecha de adquisición Fuente de adquisición Total de préstamos Signatura topográfica completa Código de barras Visto por última vez Precio de reemplazo Tipo de ítem Koha
        Biblioteca del Ateneo de Madrid Biblioteca del Ateneo de Madrid Sala Pardo Bazán 17/01/2008     B-9547 1027473 23/02/2023 23/02/2023 Libro impreso